Arthur's reading race / (Record no. 5815)
[ view plain ]
| 000 -LEADER | |
|---|---|
| fixed length control field | 01060cam a2200361 a 4500 |
| 001 - CONTROL NUMBER | |
| control field | 5815 |
| 003 - CONTROL NUMBER IDENTIFIER | |
| control field | FISKH |
| 005 - DATE AND TIME OF LATEST TRANSACTION | |
| control field | 20250807093545.0 |
| 008 - FIXED-LENGTH DATA ELEMENTS--GENERAL INFORMATION | |
| fixed length control field | 020903s1996 nyua b 000 1 eng |
| 010 ## - LIBRARY OF CONGRESS CONTROL NUMBER | |
| LC control number | 2002013776 |
| 020 ## - INTERNATIONAL STANDARD BOOK NUMBER | |
| International Standard Book Number | 0679867384 (pbk.) |
| 020 ## - INTERNATIONAL STANDARD BOOK NUMBER | |
| International Standard Book Number | 9780679867388 |
| 020 ## - INTERNATIONAL STANDARD BOOK NUMBER | |
| International Standard Book Number | 0679967389 (lib. bdg.) |
| 040 ## - CATALOGING SOURCE | |
| Original cataloging agency | DLC |
| Transcribing agency | DLC |
| Modifying agency | DLC |
| Language of cataloging | eng |
| 050 ## - LIBRARY OF CONGRESS CALL NUMBER | |
| Classification number | PZ7.B81618 |
| 082 ## - DEWEY DECIMAL CLASSIFICATION NUMBER | |
| Classification number | 428.6 |
| 100 1# - MAIN ENTRY--PERSONAL NAME | |
| Personal name | Brown, Marc |
| 245 10 - TITLE STATEMENT | |
| Title | Arthur's reading race / |
| Statement of responsibility, etc. | Marc Brown. |
| 260 ## - PUBLICATION, DISTRIBUTION, ETC. | |
| Place of publication, distribution, etc. | New York : |
| Name of publisher, distributor, etc. | Random House, |
| Date of publication, distribution, etc. | 1996. |
| 300 ## - PHYSICAL DESCRIPTION | |
| Extent | 24 pages : |
| Dimensions | color illustrations ; |
| -- | 23 cm |
| 490 ## - SERIES STATEMENT | |
| Series statement | Step into reading : |
| Volume/sequential designation | Step 3 |
| 505 ## - FORMATTED CONTENTS NOTE | |
| Formatted contents note | C |
| 520 ## - SUMMARY, ETC. | |
| Summary, etc. | Arthur doesn't believe that his little sister can really read, so he challenges her to prove it. |
| 521 ## - TARGET AUDIENCE NOTE | |
| Target audience note | 140<br/> |
| Source | Lexile<br/> |
| 521 ## - TARGET AUDIENCE NOTE | |
| Target audience note | C<br/> |
| Source | Raz-Plus<br/> |
| 650 #1 - SUBJECT ADDED ENTRY--TOPICAL TERM | |
| Topical term or geographic name entry element | Reading |
| Form subdivision | Fiction. |
| 650 #1 - SUBJECT ADDED ENTRY--TOPICAL TERM | |
| Topical term or geographic name entry element | Siblings |
| Form subdivision | Fiction. |
| 650 #1 - SUBJECT ADDED ENTRY--TOPICAL TERM | |
| Topical term or geographic name entry element | Aardvarks |
| Form subdivision | Fiction. |
| 650 #1 - SUBJECT ADDED ENTRY--TOPICAL TERM | |
| Topical term or geographic name entry element | Mammals |
| Form subdivision | Fiction. |
| 906 ## - LOCAL DATA ELEMENT F, LDF (RLIN) | |
| a | 7 |
| b | cbc |
| c | orignew |
| d | 1 |
| e | ecip |
| f | 20 |
| g | y-gencatlg |
| 942 ## - ADDED ENTRY ELEMENTS (KOHA) | |
| Source of classification or shelving scheme | Dewey Decimal Classification |
| Koha item type | Books |
| Suppress in OPAC | No |
| Withdrawn status | Lost status | Source of classification or shelving scheme | Damaged status | Not for loan | Collection | Home library | Current library | Shelving location | Date acquired | Total Checkouts | Full call number | Barcode | Date last seen | Price effective from | Koha item type | Copy number |
|---|---|---|---|---|---|---|---|---|---|---|---|---|---|---|---|---|
| Dewey Decimal Classification | Juvenile Fiction | Footprints International School Library Network Toul Kork Campus | Footprints International School Library Network Toul Kork Campus | TK Primary Library Room(4th Floor), Bookcase 7, Shelves 57-60, Dark Green Books | 01/23/2025 | BRO 428.6 PZ7.B81618 | FISTK01173 | 01/23/2025 | 01/23/2025 | Books | ||||||
| Dewey Decimal Classification | Juvenile Fiction | Footprints International School Library Network Toul Tom Poung Campus | Footprints International School Library Network Toul Tom Poung Campus | TTP Primary Green Bookshelves | 08/07/2025 | BRO 428.6 PZ7.B81618 | FIS03458 | 08/07/2025 | 08/07/2025 | Books | 2 |
